000 00385cam a22001097a 4500
008 180718b1950 xxu||||| |||| 00| 0 eng d
082 _aI5001 G2/1950
245 _aDescriptive memoir, Department of Parliamentary Affairs, June 1950
_cby Ministry of Home Affairs, India
260 _aNew Delhi
_bMinistry of Home Affairs
_c1950
300 _a4+p.
700 _aIndia. Ministry of Home Affairs
999 _c491287
_d491287